000 00809nam a2200217Ia 4500
003 GCL
005 20240530110929.0
008 140319s9999 xx 000 0 ara d
040 _aGCL /
_cGCL
082 0 4 _a415.1
_bب خ
100 1 _aالبغدادى , عبدالقادر بن عمر
245 1 0 _aخزانة الادب ولب لباب لسان العرب /
_cتاليف البغدادى , عبدالقادر بن عمر ؛ محقق عبدالسلام محمد هارون
260 _a[ القاهرة ] :
_bدار الكتاب العربى للطباعة والنشر ،
_c1967
300 _aمتعدد ؛
_b24 سم
490 _aتراثنا
500 0 _a4 مجلد
650 0 4 _aالنحو
650 0 4 _aفقه اللغة المقارن
650 0 4 _aتاريخ ونقد
942 _2ddc
_cBK
999 _c66618
_d66618